[Event "BUL-ch U26"]
[Site "Sofia"]
[Date "2011.11.03"]
[Round "2"]
[White "Stoyanov, Stefan"]
[Black "Vladimirova, Maria"]
[Result "0-1"]
[WhiteElo "1821"]
[BlackElo "1997"]
[PlyCount "50"]
[EventDate "2011.11.02"]
[EventType "swiss"]
[EventRounds "7"]
[EventCountry "BUL"]
[SourceTitle "EXT 2012"]
[Source "ChessBase"]
[SourceDate "2011.11.24"]
[SourceVersion "1"]
[SourceVersionDate "2011.11.24"]
[SourceQuality "1"]

1. e4 e5 2. Nf3 Nc6 3. Nc3 Nf6 4. g3 Bc5 5. Bg2 d6 6. h3 h6 7. 0-0 Be6 8. a3 Qd7 9. Kh2 0-0-0 10. d3 g5 11. Nd2 Rdg8 12. Na4 h5 13. Nxc5 dxc5 14. Nb3 Qe7 15. f4 gxf4 16. gxf4 h4 17. f5 Bxb3 18. cxb3 Nh5 19. f6 Qd7 20. Be3 Nd4 21. b4 Rg3 22. Bxd4 Qxd4 23. Rf3 Qxb2 24. Rxg3 hxg3+ 25. Kh1 Nf4 0-1

[Event "BUL-ch U26"]
[Site "Sofia"]
[Date "2010.11.05"]
[Round "3"]
[White "Genov, Delyan"]
[Black "Vladimirova, Maria"]
[Result "1/2-1/2"]
[WhiteElo "1813"]
[BlackElo "2003"]
[PlyCount "128"]
[EventDate "2010.11.03"]
[EventType "swiss"]
[EventRounds "7"]
[EventCountry "BUL"]
[SourceTitle "EXT 2011"]
[Source "ChessBase"]
[SourceDate "2010.11.26"]
[SourceVersion "1"]
[SourceVersionDate "2010.11.26"]
[SourceQuality "1"]

1. d4 Nf6 2. Bf4 e6 3. Nf3 b6 4. e3 Bb7 5. Be2 Be7 6. 0-0 Nh5 7. Bg3 Nxg3 8. hxg3 h5 9. Nh2 h4 10. gxh4 Rxh4 11. g3 Rh8 12. Bf3 d5 13. Kg2 Nd7 14. Nd2 Nf6 15. Rh1 Qd7 16. Ng4 Rxh1 17. Qxh1 Nxg4 18. Qh8+ Bf8 19. Bxg4 0-0-0 20. Qh7 g6 21. Qh1 Bb4 22. c3 Bd6 23. Be2 e5 24. Qh3 Qxh3+ 25. Kxh3 e4 26. Rh1 Rh8+ 27. Kg2 Rxh1 28. Kxh1 Kd8 29. Kg2 Ke7 30. Nf1 f5 31. Nd2 Kf6 32. Bf1 g5 33. Be2 Bc8 34. Bb5 c5 35. Bc6 cxd4 36. cxd4 Bb4 37. Nb1 Be6 38. a3 Bd6 39. Nc3 Bb8 40. Bxd5 Bxd5 41. Nxd5+ Ke6 42. Nc3 Kd6 43. Kf1 Kc6 44. Ke2 b5 45. b4 Bd6 46. Kd2 a5 47. Na2 Kd5 48. Kc3 a4 49. Nc1 f4 50. gxf4 gxf4 51. exf4 Bxf4 52. Ne2 Bg5 53. Kc2 Bh4 54. Nc3+ Kxd4 55. Nxb5+ Ke5 56. Nc3 Bxf2 57. Nxa4 Kd4 58. Nc3 Be1 59. Nd1 e3 60. Nxe3 Kxe3 61. b5 Kd4 62. Kb3 Kc5 63. a4 Kb6 64. Kc4 Bd2 1/2-1/2

[Event "BUL-ch U26"]
[Site "Sofia"]
[Date "2010.11.03"]
[Round "1"]
[White "Nikolov, Momchil"]
[Black "Vladimirova, Maria"]
[Result "1-0"]
[WhiteElo "2565"]
[BlackElo "2003"]
[PlyCount "109"]
[EventDate "2010.11.03"]
[EventType "swiss"]
[EventRounds "7"]
[EventCountry "BUL"]
[SourceTitle "EXT 2011"]
[Source "ChessBase"]
[SourceDate "2010.11.26"]
[SourceVersion "1"]
[SourceVersionDate "2010.11.26"]
[SourceQuality "1"]

1. d4 Nf6 2. Bg5 d5 3. Bxf6 exf6 4. e3 Bd6 5. Bd3 0-0 6. Nd2 Re8 7. Qf3 Be6 8. Ne2 Nd7 9. g4 c5 10. c3 Qb6 11. 0-0-0 Rac8 12. h4 Qa5 13. Kb1 c4 14. Bc2 Rc6 15. g5 Ra6 16. Nc1 Rb6 17. Ncb3 cxb3 18. Nxb3 Qb5 19. Bd3 Qa4 20. Rdg1 f5 21. Bxf5 Ra6 22. Nc1 Bxf5+ 23. Qxf5 Nb6 24. h5 Qd7 25. Qd3 Nc4 26. g6 fxg6 27. hxg6 h6 28. Rh5 Qb5 29. b3 Na3+ 30. Kb2 Nc4+ 31. Qxc4 Ba3+ 32. Kc2 Qxc4 33. bxc4 dxc4 34. Ne2 Rb6 35. Rb1 Rxg6 36. Rxb7 Rb6 37. Rxb6 axb6 38. Rb5 Re6 39. Ng3 g6 40. e4 Rf6 41. Kd2 Rxf2+ 42. Ne2 Bc1+ 43. Ke1 Be3 44. Rxb6 Kf7 45. Rb7+ Kf6 46. e5+ Ke6 47. Rb6+ Kf7 48. a4 Rh2 49. Rf6+ Kg7 50. a5 Bg5 51. Rf1 Bd8 52. a6 Bb6 53. e6 Rh4 54. Rf7+ Kg8 55. Rb7 1-0

[Event "BUL-chT-A (Women) 43th"]
[Site "Albena"]
[Date "2010.05.30"]
[Round "4.2"]
[White "Tsvetkova, Svetlana"]
[Black "Vladimirova, Maria"]
[Result "1/2-1/2"]
[WhiteElo "1852"]
[BlackElo "2045"]
[PlyCount "88"]
[EventDate "2010.05.27"]
[EventType "team-tourn"]
[EventRounds "7"]
[EventCountry "BUL"]
[SourceTitle "CBM 136 Extra"]
[Source "ChessBase"]
[SourceDate "2010.07.02"]
[SourceVersion "2"]
[SourceVersionDate "2010.07.15"]
[SourceQuality "1"]
[WhiteTeam "Pleven Spartak XXI (W)"]
[BlackTeam "Sofia Shah XXI (W)"]
[WhiteTeamCountry "BUL"]
[BlackTeamCountry "BUL"]

1. e4 e5 2. Nf3 Nc6 3. Bb5 a6 4. Ba4 Nf6 5. d3 d6 6. h3 g6 7. 0-0 Bg7 8. c3 0-0 9. Re1 b5 10. Bb3 Na5 11. Bc2 c5 12. Nbd2 Qc7 13. b4 cxb4 14. cxb4 Nc6 15. a3 Bd7 16. Bb2 Nh5 17. Bb3 h6 18. Nf1 Qa7 19. Ne3 Rac8 20. Rc1 Ne7 21. Nd5 Nxd5 22. Bxd5 Nf4 23. Bb3 Bc6 24. Qd2 Qe7 25. Qe3 Kh7 26. d4 Rfe8 27. dxe5 dxe5 28. Rc5 f6 29. Rec1 Bb7 30. Ne1 Rxc5 31. Rxc5 Rc8 32. Rxc8 Bxc8 33. Nd3 Nxd3 34. Qxd3 Be6 35. Bc1 Bxb3 36. Qxb3 Qd7 37. Be3 f5 38. f3 f4 39. Bc5 Qd2 40. Kh2 Qe1 41. Qe6 Qg3+ 42. Kh1 Qe1+ 43. Kh2 a5 44. bxa5 Qxa5 1/2-1/2

[Event "Sofia Asenova&Ivanova Memorial"]
[Site "Sofia"]
[Date "2010.04.24"]
[Round "6"]
[White "Vladimirova, Maria"]
[Black "Vlashki, Nino"]
[Result "0-1"]
[WhiteElo "2038"]
[BlackElo "2232"]
[PlyCount "92"]
[EventDate "2010.04.21"]
[EventType "swiss"]
[EventRounds "9"]
[EventCountry "BUL"]
[SourceTitle "CBM 135 Extra"]
[Source "ChessBase"]
[SourceDate "2010.05.04"]
[SourceVersion "1"]
[SourceVersionDate "2010.05.04"]
[SourceQuality "1"]

1. e4 c6 2. d4 d6 3. h3 Nf6 4. Nc3 e5 5. Nf3 Qc7 6. Be2 Be7 7. 0-0 0-0 8. Be3 b5 9. a3 a6 10. Qd2 Nbd7 11. Rad1 Re8 12. Rfe1 Bf8 13. Bf1 exd4 14. Bxd4 c5 15. Bxf6 Nxf6 16. Nd5 Nxd5 17. Qxd5 Bb7 18. Qf5 Qc8 19. Qf4 Qe6 20. Nd2 Qa2 21. Rb1 d5 22. e5 d4 23. Nb3 Rad8 24. Qc1 d3 25. Bxd3 Rxd3 26. Ra1 Qxa1 27. Nxa1 Rd5 28. f4 c4 29. Rd1 Bc5+ 30. Kh2 Be3 31. Qxe3 Rxd1 32. Qa7 Bc8 33. g4 Rxa1 34. Qd4 Re1 35. Qd2 Re4 36. Kg3 g5 37. f5 h6 38. h4 R4xe5 39. hxg5 Re3+ 40. Kh4 Bxf5 41. gxh6 R8e4 42. Qd8+ Kh7 43. Kg5 Be6 44. Qf8 Rxg4+ 45. Kf6 Rg6+ 46. Ke7 Bg4+ 0-1

[Event "Sofia Asenova&Ivanova Memorial"]
[Site "Sofia"]
[Date "2010.04.23"]
[Round "5"]
[White "Badev, Kiril"]
[Black "Vladimirova, Maria"]
[Result "0-1"]
[WhiteElo "2396"]
[BlackElo "2038"]
[PlyCount "76"]
[EventDate "2010.04.21"]
[EventType "swiss"]
[EventRounds "9"]
[EventCountry "BUL"]
[SourceTitle "CBM 135 Extra"]
[Source "ChessBase"]
[SourceDate "2010.05.04"]
[SourceVersion "1"]
[SourceVersionDate "2010.05.04"]
[SourceQuality "1"]

1. e4 c5 2. c3 Nf6 3. e5 Nd5 4. d4 cxd4 5. Nf3 Nc6 6. Bc4 Nb6 7. Bb3 d6 8. exd6 Qxd6 9. cxd4 Be6 10. 0-0 Bxb3 11. Qxb3 e6 12. Nc3 Qb4 13. d5 Qxb3 14. axb3 Nxd5 15. Nxd5 exd5 16. Re1+ Be7 17. b4 Nxb4 18. Re2 Nc6 19. b4 0-0 20. b5 Bf6 21. Ra4 Nb8 22. g4 Nd7 23. Ba3 Nb6 24. Rf4 Rfe8 25. Ra2 Nc4 26. g5 Nxa3 27. gxf6 Nxb5 28. Rb4 a6 29. fxg7 Rac8 30. Rd2 Rc4 31. Rb3 Rc3 32. Rxc3 Nxc3 33. Rd3 Ne2+ 34. Kf1 Nf4 35. Rb3 b5 36. Nd4 Kxg7 37. Rb4 Re4 38. f3 Nd3 0-1

[Event "Sofia Asenova&Ivanova Memorial"]
[Site "Sofia"]
[Date "2010.04.22"]
[Round "3"]
[White "Shivacheva, Donika"]
[Black "Vladimirova, Maria"]
[Result "1/2-1/2"]
[WhiteElo "1644"]
[BlackElo "2038"]
[PlyCount "62"]
[EventDate "2010.04.21"]
[EventType "swiss"]
[EventRounds "9"]
[EventCountry "BUL"]
[SourceTitle "CBM 135 Extra"]
[Source "ChessBase"]
[SourceDate "2010.05.04"]
[SourceVersion "1"]
[SourceVersionDate "2010.05.04"]
[SourceQuality "1"]

1. e4 Nf6 2. e5 Nd5 3. d4 d6 4. c4 Nb6 5. Nf3 g6 6. Be2 Bg7 7. exd6 cxd6 8. 0-0 0-0 9. Nbd2 Bf5 10. Re1 Nc6 11. Nf1 d5 12. c5 Nc8 13. Ng3 Bg4 14. Be3 e6 15. Qd2 Re8 16. h3 Bxf3 17. Bxf3 N8e7 18. Rad1 Nf5 19. Nxf5 gxf5 20. b3 Qf6 21. Qc1 f4 22. Bxf4 Nxd4 23. Bg4 Nc6 24. Bg5 Qc3 25. Bd2 Qxc1 26. Rxc1 Ne5 27. Rc2 Nxg4 28. hxg4 Rac8 29. Rec1 Rc6 30. b4 a6 31. a4 Bd4 1/2-1/2

[Event "BUL-ch U20 Girls"]
[Site "Sofia"]
[Date "2010.03.14"]
[Round "9"]
[White "Galunova, Tsveta"]
[Black "Vladimirova, Maria"]
[Result "0-1"]
[WhiteElo "1984"]
[BlackElo "2038"]
[PlyCount "48"]
[EventDate "2010.03.08"]
[EventType "tourn"]
[EventRounds "9"]
[EventCountry "BUL"]
[SourceTitle "CBM 135 Extra"]
[Source "ChessBase"]
[SourceDate "2010.05.04"]
[SourceVersion "1"]
[SourceVersionDate "2010.05.04"]
[SourceQuality "1"]

1. Nf3 Nf6 2. g3 d5 3. Bg2 c6 4. 0-0 Bg4 5. d3 Nbd7 6. Nbd2 e6 7. e4 Be7 8. h3 Bxf3 9. Bxf3 0-0 10. Re1 Qc7 11. Qe2 Bc5 12. e5 Ne8 13. Nf1 Bd4 14. Bf4 Bxb2 15. Rab1 Bc3 16. Nd2 b5 17. h4 Qa5 18. h5 Qxa2 19. g4 Qa4 20. Qe3 Bd4 21. Qe2 Bxf2+ 22. Kxf2 Qxf4 23. g5 Qxg5 24. Rg1 Qxe5 0-1

[Event "BUL-ch U20 Girls"]
[Site "Sofia"]
[Date "2010.03.09"]
[Round "2"]
[White "Stefanova, Milena"]
[Black "Vladimirova, Maria"]
[Result "1/2-1/2"]
[WhiteElo "1991"]
[BlackElo "2038"]
[PlyCount "69"]
[EventDate "2010.03.08"]
[EventType "tourn"]
[EventRounds "9"]
[EventCountry "BUL"]
[SourceTitle "CBM 135 Extra"]
[Source "ChessBase"]
[SourceDate "2010.05.04"]
[SourceVersion "1"]
[SourceVersionDate "2010.05.04"]
[SourceQuality "1"]

1. e4 c5 2. Nf3 Nc6 3. c3 Nf6 4. d3 e5 5. g3 g6 6. Bg2 Bg7 7. 0-0 0-0 8. Nbd2 Ne8 9. a3 d6 10. b4 Nc7 11. Rb1 cxb4 12. axb4 Be6 13. Nb3 Nb5 14. Qc2 Rc8 15. c4 Ncd4 16. Nbxd4 exd4 17. Bb2 Nc3 18. Ra1 Qb6 19. Qb3 Bd7 20. Rfe1 Rfe8 21. Bc1 a6 22. Bf4 h6 23. Ra5 g5 24. Bd2 Rc5 25. Qa3 Rxa5 26. bxa5 Qc5 27. Qxc5 dxc5 28. h3 Bf6 29. Nh2 Bd8 30. Ng4 Kg7 31. f4 gxf4 32. gxf4 Bc6 33. Ne5 Bxa5 34. Kh2 Bb4 35. Nxf7 1/2-1/2

[Event "BUL-ch U20 Girls"]
[Site "Sofia"]
[Date "2010.03.09"]
[Round "3"]
[White "Vladimirova, Maria"]
[Black "Sirkova, Darena"]
[Result "0-1"]
[WhiteElo "2038"]
[BlackElo "2084"]
[PlyCount "84"]
[EventDate "2010.03.08"]
[EventType "tourn"]
[EventRounds "9"]
[EventCountry "BUL"]
[SourceTitle "CBM 135 Extra"]
[Source "ChessBase"]
[SourceDate "2010.05.04"]
[SourceVersion "1"]
[SourceVersionDate "2010.05.04"]
[SourceQuality "1"]

1. e4 c5 2. c3 Nf6 3. e5 Nd5 4. d4 cxd4 5. Nf3 g6 6. cxd4 Bg7 7. Qb3 Nb6 8. a4 d6 9. Bb5+ Bd7 10. e6 fxe6 11. Qxe6 Nc6 12. Qb3 Nxd4 13. Nxd4 Bxd4 14. a5 Bxb5 15. Qxb5+ Qd7 16. Qd3 Qe6+ 17. Qe2 Qxe2+ 18. Kxe2 Nd7 19. Ra4 Bg7 20. Rb4 b6 21. axb6 Nxb6 22. Rd1 Rc8 23. Be3 Rc6 24. Na3 0-0 25. Rd3 e6 26. Bxb6 axb6 27. Rdb3 d5 28. f3 Rb8 29. Kd3 Bf8 30. Rb5 Bc5 31. h3 e5 32. Nb1 Re8 33. Nc3 Rd8 34. Na4 e4+ 35. fxe4 dxe4+ 36. Ke2 Bg1 37. Nc3 Re6 38. Nd5 Red6 39. Kf1 Bc5 40. Nc3 e3 41. Nd5 Re6 42. Nc3 e2+ 0-1

[Event "Sofia MGU op 02nd"]
[Site "Sofia"]
[Date "2010.02.20"]
[Round "3"]
[White "Vladimirova, Maria"]
[Black "Iliev, Dimitar"]
[Result "0-1"]
[WhiteElo "2086"]
[BlackElo "2144"]
[PlyCount "82"]
[EventDate "2010.02.20"]
[EventType "swiss"]
[EventRounds "6"]
[EventCountry "BUL"]
[SourceTitle "CBM 135 Extra"]
[Source "ChessBase"]
[SourceDate "2010.05.04"]
[SourceVersion "1"]
[SourceVersionDate "2010.05.04"]
[SourceQuality "1"]

1. e4 c6 2. d4 d6 3. a4 a5 4. h3 Qc7 5. Nf3 e5 6. Nc3 Be7 7. Bc4 Nf6 8. 0-0 0-0 9. dxe5 dxe5 10. Qe2 Na6 11. Nh4 Nc5 12. Nf5 Ne6 13. Nxe7+ Qxe7 14. b3 Nd4 15. Qd3 Rd8 16. Ba3 Qe8 17. Ne2 Be6 18. Ng3 b5 19. Bxe6 Qxe6 20. Bc5 b4 21. Rfd1 Rd7 22. Rac1 Rad8 23. Qf1 h5 24. Bb6 Rb8 25. Bxa5 h4 26. Nf5 Nxe4 27. Nxd4 exd4 28. Qa6 Nc5 29. Qf1 d3 30. Re1 Qf5 31. cxd3 Nxb3 32. Rxc6 Nxa5 33. Ra6 b3 34. Rb1 Rd5 35. Qe1 b2 36. Ra7 Qxd3 37. Re7 Rdd8 38. Ra7 Nc4 39. a5 Na3 40. Rxb2 Rxb2 41. Qe7 Rb1+ 0-1

[Event "Sofia MGU op 02nd"]
[Site "Sofia"]
[Date "2010.02.20"]
[Round "1"]
[White "Vladimirova, Maria"]
[Black "Tsyntsarski, Boyko"]
[Result "1-0"]
[WhiteElo "2086"]
[BlackElo "1713"]
[PlyCount "63"]
[EventDate "2010.02.20"]
[EventType "swiss"]
[EventRounds "6"]
[EventCountry "BUL"]
[SourceTitle "CBM 135 Extra"]
[Source "ChessBase"]
[SourceDate "2010.05.04"]
[SourceVersion "1"]
[SourceVersionDate "2010.05.04"]
[SourceQuality "1"]

1. e4 c5 2. Nf3 d6 3. Bb5+ Bd7 4. Bxd7+ Nxd7 5. 0-0 Ngf6 6. Re1 e6 7. c3 Be7 8. d4 cxd4 9. cxd4 0-0 10. Nc3 a6 11. Qd3 Nb6 12. h3 d5 13. e5 Nfd7 14. h4 h6 15. g4 f5 16. exf6 Rxf6 17. g5 Rf5 18. Rxe6 Qf8 19. Kg2 Rc8 20. gxh6 Qf7 21. Re2 Rf8 22. hxg7 Qxg7+ 23. Ng5 Bxg5 24. Bxg5 Qg6 25. Qg3 Rf3 26. Qg4 Qf5 27. Qxf5 R3xf5 28. f4 Nc4 29. b3 Nd6 30. Be7 Rxf4 31. Bxf8 Kxf8 32. Rf1 1-0

[Event "BUL-ch sf (Women)"]
[Site "Plovdiv"]
[Date "2010.01.27"]
[Round "4"]
[White "Stefanova, Milena"]
[Black "Vladimirova, Maria"]
[Result "1/2-1/2"]
[WhiteElo "1996"]
[BlackElo "2086"]
[PlyCount "63"]
[EventDate "2010.01.24"]
[EventType "swiss"]
[EventRounds "7"]
[EventCountry "BUL"]
[SourceTitle "CBM 134 Extra"]
[Source "ChessBase"]
[SourceDate "2010.03.03"]
[SourceVersion "1"]
[SourceVersionDate "2010.03.03"]
[SourceQuality "1"]

1. e4 c5 2. Nf3 Nc6 3. Bb5 Nd4 4. Nxd4 cxd4 5. 0-0 e6 6. d3 a6 7. Bc4 Ne7 8. a4 Nc6 9. c3 Bc5 10. Nd2 0-0 11. Qh5 d6 12. Nb3 Ba7 13. cxd4 Nxd4 14. Bg5 Qe8 15. Nxd4 Bxd4 16. Qe2 Bd7 17. Bf4 Qe7 18. a5 Bc6 19. h3 h6 20. Rac1 Rac8 21. Be3 Bxe3 22. Qxe3 Rfd8 23. Rfd1 d5 24. exd5 Bxd5 25. Bxd5 Rxc1 26. Rxc1 Rxd5 27. Rc8+ Rd8 28. Rxd8+ Qxd8 29. Qe4 Qd7 30. h4 g6 31. g3 Kg7 32. Qe5+ 1/2-1/2

[Event "BUL-ch sf (Women)"]
[Site "Plovdiv"]
[Date "2010.01.24"]
[Round "1"]
[White "Vladimirova, Maria"]
[Black "Ivanova, Gergana"]
[Result "1-0"]
[WhiteElo "2086"]
[BlackElo "1669"]
[PlyCount "61"]
[EventDate "2010.01.24"]
[EventType "swiss"]
[EventRounds "7"]
[EventCountry "BUL"]
[SourceTitle "CBM 134 Extra"]
[Source "ChessBase"]
[SourceDate "2010.03.03"]
[SourceVersion "1"]
[SourceVersionDate "2010.03.03"]
[SourceQuality "1"]

1. e4 c5 2. Nf3 Nc6 3. d4 cxd4 4. Nxd4 Nf6 5. Nc3 d6 6. Be2 e6 7. Be3 Be7 8. Qd2 a6 9. 0-0-0 0-0 10. f4 Nxd4 11. Bxd4 b5 12. Qe3 b4 13. Na4 Qa5 14. b3 e5 15. fxe5 Ng4 16. Qg3 h5 17. h3 h4 18. Qe1 Bg5+ 19. Kb1 Ne3 20. Bxe3 Bxe3 21. Rd5 Qd8 22. Bxa6 Rxa6 23. Qxe3 Bb7 24. Rb5 Qa8 25. Rxb4 dxe5 26. Re1 Rd8 27. Qg5 Rad6 28. Qe3 Qc8 29. Nc5 Rd2 30. Rxb7 Qa8 31. Qf3 1-0

[Event "BUL-ch Students"]
[Site "Sofia"]
[Date "2009.11.08"]
[Round "7"]
[White "Vladimirova, Maria"]
[Black "Dimitrov, Alexander"]
[Result "0-1"]
[WhiteElo "2101"]
[BlackElo "1990"]
[PlyCount "78"]
[EventDate "2009.11.04"]
[EventType "swiss"]
[EventRounds "7"]
[EventCountry "BUL"]
[SourceTitle "EXT 2010"]
[Source "ChessBase"]
[SourceDate "2010.11.25"]
[SourceVersion "1"]
[SourceVersionDate "2010.11.25"]
[SourceQuality "1"]

1. e4 e5 2. Nf3 Nc6 3. Bb5 g6 4. Nc3 Bg7 5. d3 Nge7 6. Be3 0-0 7. Qd2 Nd4 8. 0-0-0 Nxb5 9. Nxb5 d5 10. Bh6 c6 11. Na3 dxe4 12. Bxg7 Kxg7 13. Nxe5 f6 14. Nec4 b5 15. Ne3 exd3 16. Qb4 Nd5 17. Qc5 dxc2 18. Naxc2 Qa5 19. Nxd5 cxd5 20. Qa3 Qb6 21. Nd4 Bd7 22. Rhe1 Rac8+ 23. Kb1 Rc4 24. Re7+ Rf7 25. Qe3 Qd6 26. Rxf7+ Kxf7 27. Re1 Qb4 28. a3 Qd6 29. f4 Qc5 30. Rd1 Bg4 31. Re1 Bd7 32. Rd1 b4 33. axb4 Rxb4 34. f5 gxf5 35. Qf4 Qe7 36. Qh6 Kg8 37. Nc2 Rg4 38. g3 Ba4 39. Nd4 Bxd1 0-1

[Event "ROM-BUL m (Women)"]
[Site "Bucharest"]
[Date "2009.08.04"]
[Round "3"]
[White "Sandu, Mihaela"]
[Black "Vladimirova, Maria"]
[Result "1-0"]
[WhiteElo "2312"]
[BlackElo "2077"]
[PlyCount "59"]
[EventDate "2009.08.02"]
[EventType "schev"]
[EventRounds "3"]
[EventCountry "ROU"]
[SourceTitle "CBM 132 Extra"]
[Source "ChessBase"]
[SourceDate "2009.11.03"]
[SourceVersion "1"]
[SourceVersionDate "2009.11.03"]
[SourceQuality "1"]
[WhiteTeam "Romania"]
[BlackTeam "Bulgaria"]
[WhiteTeamCountry "ROU"]
[BlackTeamCountry "BUL"]

1. e4 Nf6 2. Nc3 d5 3. exd5 Nxd5 4. Bc4 c6 5. Qf3 Be6 6. Nge2 Nc7 7. Bb3 Bxb3 8. axb3 e5 9. Qe3 Nd7 10. Rxa7 Rxa7 11. Qxa7 Qc8 12. Qe3 Be7 13. 0-0 0-0 14. d4 exd4 15. Nxd4 Bc5 16. Qf4 Bxd4 17. Qxd4 Ne6 18. Qh4 Ne5 19. Be3 f5 20. f3 Rd8 21. Re1 Qc7 22. Qh5 g6 23. Qh4 Rd7 24. Qf6 Re7 25. Bh6 Qb6+ 26. Kh1 Qf2 27. Rd1 Re8 28. Qxe5 Qh4 29. Be3 f4 30. Bg1 1-0

[Event "Vratsa op (Women)"]
[Site "Vratsa"]
[Date "2009.07.26"]
[Round "2"]
[White "Vladimirova, Maria"]
[Black "Dragomirescu, Angela"]
[Result "1/2-1/2"]
[WhiteElo "2077"]
[BlackElo "2215"]
[PlyCount "187"]
[EventDate "2009.07.25"]
[EventType "swiss"]
[EventRounds "9"]
[EventCountry "BUL"]
[SourceTitle "CBM 131 Extra"]
[Source "ChessBase"]
[SourceDate "2009.09.03"]
[SourceVersion "2"]
[SourceVersionDate "2009.09.16"]
[SourceQuality "1"]

1. e4 d6 2. d4 Nf6 3. Nc3 g6 4. h3 Bg7 5. Nf3 0-0 6. Be3 Nbd7 7. e5 Ne8 8. Qd2 c6 9. Bh6 Qa5 10. Bg5 f6 11. exf6 exf6 12. Bh6 Bxh6 13. Qxh6 Ng7 14. 0-0-0 Nb6 15. d5 Nxd5 16. Bc4 Be6 17. Nd4 Bf7 18. Nb3 Qb6 19. Ne4 Qd8 20. g4 b5 21. Be2 Qe7 22. Bf3 Rfd8 23. Rhe1 Qf8 24. g5 Ne8 25. Qh4 f5 26. Nf6+ Nexf6 27. gxf6 Re8 28. Nd4 Rac8 29. Rg1 Re5 30. Rg5 Qd8 31. Bxd5 Rxd5 32. Rg3 Qf8 33. Qg5 Kh8 34. h4 Re5 35. h5 h6 36. hxg6 hxg5 37. g7+ Qxg7 38. fxg7+ Kxg7 39. f4 Rd5 40. Rxg5+ Kf6 41. c3 a6 42. Rh1 Rg8 43. Rh6+ Rg6 44. Rhxg6+ Bxg6 45. Nxc6 Rc5 46. Nb8 Rc4 47. Nd7+ Kf7 48. Nf8 Kxf8 49. Rxg6 Ke7 50. Kd2 Rxf4 51. Ke3 Rh4 52. Rg2 Ke6 53. Kf3 Ke5 54. Re2+ Kd5 55. Rd2+ Ke5 56. Re2+ Re4 57. Rh2 Rf4+ 58. Kg3 Ra4 59. Re2+ Re4 60. Rh2 Re3+ 61. Kf2 f4 62. Rh8 Ke4 63. Re8+ Kd3 64. Rd8 Re2+ 65. Kf3 Rxb2 66. Rxd6+ Kxc3 67. Rxa6 Rb4 68. Ra5 Kc4 69. Kxf4 Rb2 70. Ke3 Rc2 71. Ra8 Kb4 72. Kd3 Rc3+ 73. Kd2 Ra3 74. Rh8 Rxa2+ 75. Kc1 Re2 76. Rh3 Kc4 77. Kb1 Rd2 78. Rg3 b4 79. Rh3 Kb5 80. Rg3 Ka4 81. Rh3 Kb5 82. Rg3 Kc4 83. Rh3 Re2 84. Rg3 Re4 85. Rh3 b3 86. Rh8 Re1+ 87. Kb2 Re2+ 88. Kb1 Re4 89. Rc8+ Kb4 90. Rb8+ Kc3 91. Rc8+ Rc4 92. Rxc4+ Kxc4 93. Kb2 Kb4 94. Kb1 1/2-1/2

[Event "BUL-chT (Women) 42th"]
[Site "Sunny Beach"]
[Date "2009.05.09"]
[Round "2.3"]
[White "Vladimirova, Maria"]
[Black "Alexieva, Silvia"]
[Result "0-1"]
[WhiteElo "2084"]
[BlackElo "2316"]
[PlyCount "70"]
[EventDate "2009.05.08"]
[EventType "team-tourn"]
[EventRounds "7"]
[EventCountry "BUL"]
[SourceTitle "CBM 130 Extra"]
[Source "ChessBase"]
[SourceDate "2009.07.02"]
[SourceVersion "2"]
[SourceVersionDate "2009.07.15"]
[SourceQuality "1"]
[WhiteTeam "Sofia Shah XXI (W)"]
[BlackTeam "Sofia Lokomotiv (W)"]
[WhiteTeamCountry "BUL"]
[BlackTeamCountry "BUL"]

1. e4 e5 2. Nf3 Nc6 3. Bb5 a6 4. Ba4 b5 5. Bb3 Na5 6. 0-0 Nxb3 7. axb3 d6 8. Nc3 Bb7 9. d3 g6 10. Be3 c5 11. Nd5 Bxd5 12. exd5 h6 13. Re1 Ne7 14. c4 Bg7 15. b4 cxb4 16. Qb3 a5 17. c5 0-0 18. c6 Qb8 19. Bd2 Ra7 20. Be3 Ra6 21. Rac1 Rc8 22. Bd2 a4 23. Qxb4 Nxd5 24. Qh4 h5 25. d4 exd4 26. Nxd4 Qb6 27. Qh3 Raa8 28. Ne6 Bxb2 29. Ng5 Rc7 30. Qd3 Qd4 31. Qxb5 Qxd2 32. Rcd1 Qxg5 33. Rxd5 Qf6 34. Qb6 Rac8 35. Rb1 Rxc6 0-1